Sports Quiz

Random Sports Quiz

Dutch Eredivisie topscorers Quiz Stats

 Plays Quiz not verified by Sporcle

Challenge
Share
Tweet
Embed
Score 0/25 Timer 05:00
0 Plays Today
Year Player % Correct
07/08Klaas-Jan Huntelaar
85.3%
05/06Klaas-Jan Huntelaar
85.3%
90/91Dennis Bergkamp + Romario
80.3%
92/93Dennis Bergkamp
73.1%
91/92Dennis Bergkamp
73.1%
99/00Ruud van Nistelrooy
72.9%
98/99Ruud van Nistelrooy
72.9%
94/95Ronaldo
72.9%
86/87Marco van Basten
71.5%
85/86Marco van Basten
71.5%
84/85Marco van Basten
71.5%
03/04Mateja Kezman
71.3%
02/03Mateja Kezman
71.3%
Year Player % Correct
00/01Mateja Kezman
71.3%
89/90Romario
70.6%
88/89Romario
70.6%
06/07Afonso Alves
61.6%
04/05Dirk Kuijt
58.3%
96/97Luc Nilis
52.1%
95/96Luc Nilis
52.1%
97/98Nikos Machlas
45.6%
93/94Jari Litmanen
44.5%
01/02Pierre van Hooijdonk
44.1%
87/88Wim Kieft
42.1%
08/09Mounir El Hamdaoui
39.9%

You're not logged in!

Compare scores with friends on all Sporcle quizzes.
Join for Free
OR
Log In

You Might Also Like...

Show Comments

Extras

Top Quizzes Today


Score Distribution

Your Account Isn't Verified!

In order to create a playlist on Sporcle, you need to verify the email address you used during registration. Go to your Sporcle Settings to finish the process.

Report this User

Report this user for behavior that violates our Community Guidelines.

Details: